[Event "24th Schlosspark Open"]
[Site "Wiesbaden GER"]
[Date "2012.08.25"]
[Round "4.12"]
[White "Karthaus,C"]
[Black "Commercon,S"]
[Result "1-0"]
[WhiteElo "1939"]
[BlackElo "2176"]

1.e4 d5 2.exd5 Qxd5 3.Nc3 Qd6 4.Nf3 Nf6 5.d4 a6 6.Be2 b5 7.a3 Bb7 8.Bg5 Nbd7
9.Qd2 e6 10.O-O Be7 11.Rfd1 O-O 12.Ne1 Nb6 13.b3 Nbd5 14.Nxd5 Qxd5 15.Bxf6 Bxf6
16.Bf3 Qd6 17.Bxb7 Rad8 18.Bf3 c5 19.c3 cxd4 20.cxd4 e5 21.b4 exd4 22.Nd3 Rc8
23.Nc5 Be5 24.h3 Rfd8 25.Nb7  1-0

[Event "24th Schlosspark Open"]
[Site "Wiesbaden GER"]
[Date "2012.08.25"]
[Round "5.69"]
[White "Guenther,Rainer"]
[Black "Kuenne,L"]
[Result "1-0"]
[WhiteElo "1764"]
[BlackElo "1562"]

1.e4 d5 2.exd5 Qxd5 3.Nc3 Qd6 4.d4 Nf6 5.Be2 Bf5 6.Nf3 a6 7.O-O Nbd7 8.h3 O-O-O
9.Be3 Kb8 10.Qd2 Bg6 11.Bf4 Qb6 12.b3 e6 13.Na4 Qc6 14.c4 Nb6 15.Ne5 Qe8
16.Nxb6 Bc5 17.Ned7+ Nxd7 18.dxc5 Nxb6 19.Qb4 Na8 20.Bf3 b5 21.a4 e5 22.Bxa8 exf4
23.Bf3 c6 24.axb5 Kc7 25.Rxa6 Be4 26.Qa5+ Kd7 27.Ra7+ Kc8 28.Qc7+  1-0

[Event "24th Schlosspark Open"]
[Site "Wiesbaden GER"]
[Date "2012.08.25"]
[Round "5.42"]
[White "Geyler,S"]
[Black "Reinert,S"]
[Result "0-1"]
[WhiteElo "1915"]
[BlackElo "2050"]

1.e4 d5 2.exd5 Qxd5 3.Nc3 Qd6 4.d4 Nf6 5.Nge2 a6 6.Bf4 Qd7 7.Ng3 b5 8.Qf3 Ra7
9.O-O-O Bb7 10.d5 g6 11.Qe3 Ra8 12.d6 Ng4 13.Qd4 e5 14.Qd2 Bxd6 15.Bg5 Qe6
16.h3 Nf6 17.Bxf6 Qxf6 18.Nce4 Qf4 19.Nxd6+ cxd6 20.Qxf4 exf4 21.Ne2 f3 22.gxf3 Bxf3
23.Rg1 Kd7 24.Rd3 Be4 25.Rd4 Re8 26.Ng3 Bb7 27.Be2 Nc6 28.Rd2 Ne5 29.Rgd1 Re6
30.f4 Nc4 31.Bxc4 bxc4 32.f5 Rf6 33.fxg6 hxg6 34.Rd4 Re8 35.Rxc4 Re3 36.Rb4 Bg2
37.Rb3 Rxb3 38.axb3 Rf3 39.Ne4 Rf1 40.Rxf1 Bxf1 41.Nf2 Ke6 42.Kd2 Ke5 43.Ke3 f5
44.h4 d5 45.c3 a5 46.Nd1 f4+ 47.Kf3 Bd3 48.Nf2 Bf5 49.Ke2 Bc2 50.Kf3 d4 51.Ng4+ Kd5
52.c4+ Kc5 53.Kxf4 Bxb3 54.Ne5 Bc2 55.Kf3 a4 56.Kf4 Kb4 57.Kf3 Kb3 58.c5 Kxb2
59.c6 Bf5 60.c7 Kc3 61.Nxg6 a3 62.h5 a2  0-1

[Event "24th Schlosspark Open"]
[Site "Wiesbaden GER"]
[Date "2012.08.25"]
[Round "5.11"]
[White "Sarkoezy,B"]
[Black "Chandler,P"]
[Result "1-0"]
[WhiteElo "2075"]
[BlackElo "2218"]

1.e4 d5 2.exd5 Qxd5 3.Nc3 Qd6 4.g3 Nf6 5.Bg2 Nc6 6.Nf3 e5 7.Nb5 Qd8 8.O-O a6
9.Nc3 Bc5 10.Qe2 Qe7 11.d3 Bg4 12.h3 Nd4 13.Qd1 Bxf3 14.Bxf3 c6 15.Be3 O-O-O
16.Bxd4 Bxd4 17.Qe2 Nd7 18.Nd1 f5 19.Ne3 Qg5 20.h4 Qf6 21.c3 Bb6 22.Nc4 Bc7
23.b4 g5 24.h5 g4 25.Bg2 Rhg8 26.a4 f4 27.Be4 Rg5 28.b5 Rdg8 29.bxc6 bxc6
30.d4 Rxh5 31.Nxe5 Nb8 32.Rab1 Bxe5 33.dxe5 Rxe5 34.Qb2  1-0

[Event "11th Lichtenberger Sommer 2012"]
[Site "Berlin GER"]
[Date "2012.08.26"]
[Round "9.53"]
[White "Birkholz,A"]
[Black "Hansen,ReR"]
[Result "0-1"]
[WhiteElo "1882"]
[BlackElo "2047"]

1.e4 d5 2.exd5 Qxd5 3.Nc3 Qd6 4.d4 Nf6 5.Nf3 c6 6.g3 Bg4 7.Bg2 e6 8.O-O Qc7
9.Bg5 Nbd7 10.Qd3 Bxf3 11.Qxf3 Be7 12.Bf4 Qb6 13.Rad1 O-O 14.Ne4 Nxe4 15.Qxe4 Nf6
16.Qd3 Rfd8 17.Qc4 Rd7 18.b3 Rad8 19.c3 Nd5 20.Bxd5 Rxd5 21.Be5 Bd6 22.Bxd6 R8xd6
23.b4 Qd8 24.f4 h5 25.Qe2 b6 26.f5 exf5 27.Qxh5 g6 28.Qf3 c5 29.bxc5 bxc5
30.g4 cxd4 31.cxd4 Qd7 32.gxf5 Rxf5 33.Qa8+ Kg7 34.Rxf5 Qxf5 35.Qg2 Rd5 36.Rf1 Qg5
37.Rd1 Qe3+ 38.Qf2 Rg5+ 39.Kf1 Rf5  0-1

[Event "19th Graz Open 2012"]
[Site "Graz AUT"]
[Date "2012.08.26"]
[Round "2.15"]
[White "Hatzl,J"]
[Black "Pfaffel,T"]
[Result "1/2-1/2"]
[WhiteElo "2086"]
[BlackElo "2131"]

1.e4 d5 2.exd5 Qxd5 3.Nc3 Qd6 4.d4 Nf6 5.Nf3 Bg4 6.h3 Bh5 7.Be3 c6 8.Bd3 e6
9.Qe2 Nbd7 10.g4 Bg6 11.Bxg6 hxg6 12.O-O-O Nd5 13.Ne4 Qc7 14.Kb1 N7f6 15.Nxf6+ gxf6
16.c4 Nxe3 17.Qxe3 O-O-O 18.d5 cxd5 19.Qxa7 Bc5 20.Qa8+ Qb8 21.Qa4 Qa7 22.Qc2 Kb8
23.cxd5 exd5 24.Qd2 Qb6 25.Qf4+ Qd6 26.Qxd6+ Rxd6 27.Nd4 Re8 28.Kc2 Re4 29.Nb5 Rb6
30.Nc3 Rf4 31.Rd2 Bb4 32.Rhd1 Bxc3  1/2-1/2

[Event "Havirov Open 2012"]
[Site "Havirov CZE"]
[Date "2012.08.26"]
[Round "2.9"]
[White "Kislinsky,A"]
[Black "Karhanek,P"]
[Result "1-0"]
[WhiteElo "2551"]
[BlackElo "2208"]

1.e4 d5 2.exd5 Qxd5 3.Nc3 Qd6 4.d4 Nf6 5.Bd3 a6 6.Nge2 g6 7.Bf4 Qd8 8.Qd2 Bg7
9.Bh6 O-O 10.h4 e6 11.h5 Nxh5 12.g4 Bxh6 13.Qxh6 Nf6 14.g5  1-0

[Event "19th Graz Open 2012"]
[Site "Graz AUT"]
[Date "2012.08.27"]
[Round "3.10"]
[White "Kokol,P"]
[Black "Hatzl,J"]
[Result "1-0"]
[WhiteElo "2266"]
[BlackElo "2086"]

1.e4 d5 2.exd5 Qxd5 3.Nc3 Qd6 4.d4 Nf6 5.Nf3 c6 6.Ne5 Nbd7 7.f4 e6 8.g4 Be7
9.g5 Nd5 10.Bg2 Nxc3 11.bxc3 Qc7 12.O-O g6 13.a4 c5 14.Ba3 h6 15.gxh6 Rxh6
16.Qe2 cxd4 17.cxd4 Qc3 18.Bxe7 Qxd4+ 19.Kh1 Kxe7 20.Rad1 Qb6 21.Qd2 Qc7
22.Qb4+ Ke8 23.Ng4 Rh8 24.Rxd7 Bxd7 25.Nf6+ Kd8 26.Rd1 a5 27.Qe4 Kc8 28.Rxd7 Qc6
29.Qd4 Qxc2 30.Bxb7+ Kb8 31.Qd6+ Ka7 32.Bc8+  1-0

[Event "40th Olympiad Open"]
[Site "Istanbul TUR"]
[Date "2012.08.28"]
[Round "1.63"]
[White "Massana,J"]
[Black "Arakhamia-Grant,K"]
[Result "0-1"]
[WhiteElo "2186"]
[BlackElo "2421"]

1.e4 d5 2.exd5 Qxd5 3.Nc3 Qd6 4.d4 Nf6 5.Nf3 c6 6.Be2 Bg4 7.Be3 e6 8.h3 Bxf3
9.Bxf3 Be7 10.Qd2 O-O 11.O-O Qd8 12.a3 Nbd7 13.Rfd1 Nb6 14.Qe2 Nfd5 15.Nxd5 cxd5
16.Bf4 Rc8 17.c3 Qd7 18.Qc2 Nc4 19.Be2 b5 20.Bd3 g6 21.Qe2 a5 22.Rab1 Rfe8
23.Bh6 Bf6 24.Qf3 Qe7 25.Bf4 Bg7 26.Qg3 Qb7 27.h4 e5 28.dxe5 Nxe5 29.Bf1 h5
30.Be3 Nc4 31.Bd4 Re4 32.Bxg7 Kxg7 33.Qd3 d4 34.cxd4 Rxh4 35.d5 Nd6 36.g3 Re4
37.Bg2 Re5 38.Re1 Rxe1+ 39.Rxe1 Qb6 40.Rd1 Qc5 41.Rd2 Qc4 42.Qxc4 Rxc4 43.Bf1 Rc1
44.Kg2 Kf8 45.Be2 Ke7 46.Bf1 Kd7 47.Be2 Kc7 48.Kf3 Kb6 49.Kf4 f6 50.Bd3 g5+
51.Kf3 Kc5 52.Ke2 b4 53.axb4+ axb4 54.Bg6 h4 55.gxh4 gxh4 56.Kf3 Rg1 57.Be4 h3
58.Kf4 Nxe4 59.Kxe4 h2  0-1

[Event "40th Olympiad Women"]
[Site "Istanbul TUR"]
[Date "2012.08.28"]
[Round "1.60"]
[White "Michna,Mart"]
[Black "Debowska,T"]
[Result "1-0"]
[WhiteElo "2380"]
[BlackElo "1837"]

1.e4 d5 2.exd5 Qxd5 3.Nc3 Qd6 4.Nf3 Nf6 5.Bc4 a6 6.a4 Bg4 7.h3 Bh5 8.g4 Bg6
9.d3 Nc6 10.Qe2 h6 11.Be3 O-O-O 12.Nh4 Ne5 13.Nxg6 Nxc4 14.Nxh8 Nxe3 15.Qxe3 Qc6
16.O-O-O Qe8 17.Rhe1 Rd6 18.f4 Nd7 19.f5 e6 20.Nxf7  1-0

[Event "40th Olympiad Women"]
[Site "Istanbul TUR"]
[Date "2012.08.28"]
[Round "1.29"]
[White "Barbiso,T"]
[Black "Francis,Onkemetse"]
[Result "1-0"]
[WhiteElo "2048"]
[BlackElo "1713"]

1.e4 d5 2.exd5 Qxd5 3.Nc3 Qd8 4.Bc4 Nf6 5.Nf3 e6 6.d4 Be7 7.O-O Nbd7 8.Qe2 O-O
9.Re1 Nb6 10.Bb3 c6 11.Bg5 h6 12.Bh4 Re8 13.Rad1 Qc7 14.Ne5 Nfd5 15.Bg3 Qd8
16.Nb1 Nf6 17.c4 Bd7 18.Bc2 Bf8 19.Nc3 Qe7 20.f4 Nh7 21.Qd3 g6 22.Ne4  1-0

[Event "40th Olympiad Women"]
[Site "Istanbul TUR"]
[Date "2012.08.28"]
[Round "1.28"]
[White "Abdulzahra,Sali Abbas"]
[Black "Jelica,M"]
[Result "0-1"]
[WhiteElo "1638"]
[BlackElo "2258"]

1.e4 d5 2.exd5 Qxd5 3.Nc3 Qd6 4.Be2 Nf6 5.Nf3 a6 6.b3 b5 7.Bb2 Bb7 8.a4 b4
9.Nb1 Nbd7 10.c3 c5 11.d4 e6 12.O-O Be7 13.dxc5 Qxd1 14.Rxd1 bxc3 15.Bxc3 Nxc5
16.Nbd2 O-O 17.Rac1 Bd5 18.Bxf6 gxf6 19.Bc4 Bb7 20.Be2 Rab8 21.a5 Rfd8 22.b4 Nd3
23.Bxd3 Rxd3 24.Ne1 Rd7 25.Nc4 Rxd1 26.Rxd1 Bxb4 27.Rb1 Be4 28.Rb2 Rb5 29.Kf1 Bd5
30.Ne3 Bxa5 31.Rxb5 axb5 32.Nxd5 exd5 33.Nc2 b4 34.Nd4 Bb6 35.Nb3 Kf8 36.Ke2 Ke7
37.f4 Kd6 38.Kd3 Kc6 39.Nc1 Kb5 40.Ne2 Ka4 41.Kc2 f5 42.Ng3 b3+ 43.Kb1 d4
44.Nf1 Ba5 45.h3 Bc3 46.g4 fxg4 47.hxg4 Kb4 48.Ng3 d3 49.Nf1 d2 50.Ne3 Kc5
51.Nd1 Bd4 52.g5 Kd5 53.f5 Ke4 54.f6 Kf5 55.g6 Ke5  0-1

[Event "19th Graz Open 2012"]
[Site "Graz AUT"]
[Date "2012.08.29"]
[Round "5.15"]
[White "Horvath,Re"]
[Black "Pfaffel,T"]
[Result "1-0"]
[WhiteElo "2032"]
[BlackElo "2131"]

1.e4 d5 2.exd5 Qxd5 3.Nc3 Qd6 4.d4 Nf6 5.Nf3 Bg4 6.h3 Bh5 7.g4 Bg6 8.Ne5 c6
9.Bf4 Qb4 10.Nc4 Ne4 11.a3 Nxc3 12.Qf3 Be4 13.Qxe4 Qxc4 14.Qf5 e6 15.Bxc4 exf5
16.bxc3 fxg4 17.hxg4 Be7 18.Kd2 Kd8 19.Bg3 f6 20.Bd3 Nd7 21.a4 a5 22.Rab1 Kc8
23.Bxh7 Bd8 24.Bf5 Rxh1 25.Rxh1 b5 26.Rh7 bxa4 27.Rxg7 Ra7 28.Bd6 Rb7 29.Kc1 Bb6
30.Rg8+ Bd8 31.Be7 Kc7 32.Rxd8 Nb8 33.Rc8+  1-0

[Event "World Youth U16 Olympiad 2012"]
[Site "Istanbul TUR"]
[Date "2012.08.29"]
[Round "1.1"]
[White "Nasuta,G"]
[Black "Cheong,Jie Yao"]
[Result "1-0"]
[WhiteElo "2275"]
[BlackElo "1691"]

1.e4 d5 2.exd5 Qxd5 3.Nc3 Qd6 4.d4 Nf6 5.Nf3 a6 6.g3 b5 7.Bf4 Qb6 8.Bg2 Bb7
9.O-O Nbd7 10.Re1 Nd5 11.Nxd5 Bxd5 12.b3 e6 13.c4 bxc4 14.bxc4 Bb7 15.Rb1 Qa7
16.Rxb7 Qxb7 17.Ne5 Qc8 18.Bc6 Ke7 19.Bxd7 Qb7 20.Bc6 Qc8 21.Qc1 Qb8 22.Qa3+ Kd8
23.Nxf7+ Kc8 24.Qe3 Qb4 25.Qxe6+ Kb8 26.Qc8+ Ka7 27.Qxc7+ Qb7 28.Qxb7+  1-0

[Event "World Youth U16 Olympiad 2012"]
[Site "Istanbul TUR"]
[Date "2012.08.29"]
[Round "1.18"]
[White "Lim,DeD"]
[Black "Tan,Ju2"]
[Result "0-1"]
[WhiteElo "1810"]
[BlackElo "2221"]

1.e4 d5 2.exd5 Qxd5 3.Nc3 Qd6 4.d4 Nf6 5.Bc4 a6 6.Nf3 Nc6 7.h3 b5 8.Bb3 Na5
9.Qe2 Bb7 10.Bg5 e6 11.O-O-O Nxb3+ 12.axb3 Be7 13.Bxf6 Bxf6 14.Ne4 Qf4+ 15.Ned2 Bxd4
16.Nxd4 Qxd4 17.f3 O-O 18.Ne4 Qe5 19.Qd2 a5 20.Rhe1 a4 21.Nc3 Qc5 22.Kb1 a3
23.Qd4 Qg5 24.Re5 Qxg2 25.Rg1 Rad8 26.Qe3 Qxf3 27.Rxg7+ Kxg7  0-1

[Event "40th Olympiad Women"]
[Site "Istanbul TUR"]
[Date "2012.08.30"]
[Round "3.33"]
[White "Fairley,N"]
[Black "Narva,T"]
[Result "1/2-1/2"]
[WhiteElo "1788"]
[BlackElo "2028"]

1.e4 d5 2.exd5 Qxd5 3.Nc3 Qd6 4.d4 Nf6 5.Nge2 c6 6.Bf4 Qd8 7.g3 Nd5 8.Bg2 Nxf4
9.Nxf4 g5 10.Nfe2 Bg7 11.Qd2 h6 12.O-O-O Na6 13.d5 Nb4 14.a3 Nxd5 15.Nxd5 cxd5
16.Bxd5 Qb6 17.Nc3 Bf5 18.Bb3 O-O 19.Nd5 Qd6 20.Qe2 e5 21.Ne3 Qf6 22.Nd5 Qd8
23.Ne3 Qc8 24.Nxf5 Qxf5 25.Rd6 Rac8 26.Rhd1 Rc7 27.Rd8 Bf6 28.Rxf8+ Kxf8
29.Qd2 Kg7 30.Kb1 Re7 31.Qe3 b6 32.f3 g4 33.fxg4 Qxg4 34.Rf1 Qg5 35.Qe4 Qg6
36.Rf5 Bg5 37.h4 Bd2 38.g4 Qd6 39.g5 hxg5 40.hxg5 Qd4 41.Qh1 Kg6 42.Rf6+ Kxg5
43.Rxf7 Rxf7 44.Bxf7 a5  1/2-1/2

[Event "World Youth U16 Olympiad 2012"]
[Site "Istanbul TUR"]
[Date "2012.08.30"]
[Round "3.13"]
[White "Pechac,Jergus"]
[Black "Cheong,Jie Yao"]
[Result "1-0"]
[WhiteElo "2081"]
[BlackElo "1691"]

1.e4 d5 2.exd5 Qxd5 3.Nc3 Qd6 4.d4 Nf6 5.Bd3 a6 6.Nge2 b5 7.O-O Bb7 8.Bf4 Qb6
9.f3 e6 10.Qe1 c5 11.dxc5 Bxc5+ 12.Kh1 Nbd7 13.Ng3 Bb4 14.a3 Bxc3 15.Qxc3 Rc8
16.Qe1 Nd5 17.Bd2 Nc5 18.Be2 O-O 19.Nh5 Kh8 20.Qg3 Rg8 21.Rae1 Nd7 22.Bd3 N7f6
23.Qh4 Nxh5 24.Qxh5 g6 25.Qe5+ f6 26.Qxe6 Qxe6 27.Rxe6 Rge8 28.Rfe1 Rxe6
29.Rxe6 f5 30.h4 Kg7 31.Rd6 Rc7 32.Rd8 Kf7 33.Bg5 Nf6 34.Kg1 Ke7 35.Rh8 Ke6
36.Kf2 Rc8 37.Rxc8 Bxc8 38.Ke3 Nd7 39.Kd4 Kd6 40.c4 bxc4 41.Bxc4 Nf8 42.Bf4+ Ke7
43.Kc3 Ne6 44.Be5 h6 45.Kb4 g5 46.hxg5 hxg5 47.Ka5 Nc5 48.b4 Nd7 49.Bc7 Nf6
50.Bxa6 Bd7 51.b5 Nd5 52.b6 Nxb6 53.Kxb6 g4 54.fxg4 fxg4 55.Bb5  1-0

[Event "40th Olympiad Women"]
[Site "Istanbul TUR"]
[Date "2012.08.30"]
[Round "3.59"]
[White "Cho,Yeonhee"]
[Black "Hearne,Sarah-Jane"]
[Result "1-0"]
[WhiteElo "1542"]
[BlackElo "1565"]

1.e4 d5 2.exd5 Qxd5 3.Nc3 Qd6 4.d4 Nf6 5.Nf3 c6 6.Be3 Bf5 7.Bd3 Bxd3 8.Qxd3 e6
9.O-O Be7 10.Rfe1 O-O 11.h3 Qc7 12.Ne2 Nbd7 13.Bf4 Bd6 14.Bxd6 Qxd6 15.c4 Rfd8
16.Ng3 c5 17.d5 Nb6 18.Rad1 exd5 19.Nf5 Qc7 20.cxd5 Nbxd5 21.Qc2 b6 22.Ng5 h6
23.Ne4 Nxe4 24.Rxe4 Nf6 25.Re7 Rxd1+ 26.Qxd1 Qc6 27.Qe2 Qa4 28.Qf3 Re8 29.Qg3 Nh5
30.Qf3 Nf6 31.b3 Qb5 32.a4 Qb4  1-0

[Event "40th Olympiad Open"]
[Site "Istanbul TUR"]
[Date "2012.08.30"]
[Round "3.57"]
[White "Munro,A"]
[Black "Fernandez Lopez,Jo"]
[Result "0-1"]
[WhiteElo "2067"]
[BlackElo "2090"]

1.e4 d5 2.exd5 Qxd5 3.Nc3 Qd6 4.d4 Nf6 5.Nf3 a6 6.g3 Bg4 7.Bg2 Nc6 8.Bf4 Qb4
9.O-O O-O-O 10.Be3 e5 11.Ne2 exd4 12.Nexd4 Nxd4 13.Bxd4 c5 14.c3 Qb6 15.Rc1 cxd4
16.cxd4+ Kb8 17.Rc3 Be6 18.a3 Nd5 19.Rb3 Qc7 20.Ng5 Be7 21.Nxe6 fxe6 22.Qe2 Rd6
23.Re1 Bf6 24.Qg4 Qc2 25.Bxd5 Rxd5 26.Rb6 Bxd4 27.Qf4+ e5 28.Qf7 Bxb6 29.Qxd5 Qxf2+
30.Kh1 Qxe1+ 31.Kg2 Rd8  0-1

[Event "40th Olympiad Open"]
[Site "Istanbul TUR"]
[Date "2012.08.30"]
[Round "3.78"]
[White "Valenta,V jr"]
[Black "Mbedza,Richard"]
[Result "1-0"]
[WhiteElo "2162"]
[BlackElo "2045"]

1.e4 d5 2.exd5 Qxd5 3.Nc3 Qd6 4.Nf3 e5 5.Bc4 Be7 6.Qe2 f6 7.O-O c5 8.Nh4 g6
9.d3 Nc6 10.f4 f5 11.Qf2 a6 12.fxe5 Nxe5 13.Bf4 Bxh4 14.Qxh4 Qd4+ 15.Kh1 Nxc4
16.dxc4 Be6 17.Qg3 Qg7 18.Rfe1 Kf7 19.Qf3 Re8 20.Qxb7+ Re7 21.Qxa6 Nf6 22.Nd5 Bxd5
23.Rxe7+ Kxe7 24.cxd5 Re8 25.Qe6+ Kd8 26.Qb6+ Ke7 27.Qxc5+ Kf7 28.d6 Ne4
29.Qd5+ Kf8 30.d7 Rd8 31.Bd6+ Nxd6 32.Qxd6+ Kf7 33.Re1 Qf6 34.Qd5+ Kf8 35.Re6 Qxb2
36.Qc5+ Kg7 37.Re7+ Kf6 38.Qd6+ Kg5 39.h4+ Kxh4 40.Rxh7+ Kg5 41.Qg3+ Kf6
42.Qh4+ Ke6 43.Qe7+ Kd5 44.c4+ Kc6 45.Kh2 Qb8+ 46.Kh3 Qf4 47.Qxd8 Qg4+ 48.Kh2 Qf4+
49.g3 Qf2+ 50.Kh3 Qf1+ 51.Kh4 Qxc4+ 52.Kg5 Qg4+ 53.Kh6 Qh3+ 54.Kg7 Qxg3 55.Qc8+ Kb5
56.d8=Q Qe5+ 57.Qf6 Qc7+ 58.Qxc7  1-0

[Event "World Youth U16 Olympiad 2012"]
[Site "Istanbul TUR"]
[Date "2012.08.31"]
[Round "4.18"]
[White "Sultan,Marshool"]
[Black "Mutlu,Beste"]
[Result "1/2-1/2"]
[WhiteElo "1756"]
[BlackElo "1646"]

1.e4 d5 2.exd5 Qxd5 3.Nc3 Qd6 4.Bc4 c6 5.d4 Nf6 6.Nge2 Bf5 7.Bf4 Qd8 8.O-O e6
9.Ng3 Bg6 10.Re1 Be7 11.Nce4 O-O 12.Nxf6+ Bxf6 13.c3 Nd7 14.Bd3 Nb6 15.Bxg6 hxg6
16.Ne4 Be7 17.Qf3 Nd5 18.Bd2 Nf6 19.Bg5 Nxe4 20.Bxe7 Nd2 21.Qd3 Qxe7 22.Qxd2 Rad8
23.Qf4 Rd5 24.Re5 Qf6 25.Qe3 Rfd8 26.f4 Rxe5 27.fxe5 Qf5 28.Qe2 Qh5 29.Qc4 Qg5
30.Rd1 Qe3+ 31.Kf1 Qf4+ 32.Kg1 Qe3+ 33.Kf1 Qf4+ 34.Kg1 Qe3+  1/2-1/2

[Event "40th Olympiad Women"]
[Site "Istanbul TUR"]
[Date "2012.09.01"]
[Round "5.28"]
[White "Sedina,E"]
[Black "Smith,O"]
[Result "1/2-1/2"]
[WhiteElo "2338"]
[BlackElo "2022"]

1.e4 d5 2.exd5 Qxd5 3.Nc3 Qd6 4.d4 Nf6 5.Nb5 Qd8 6.c4 c6 7.Nc3 g6 8.Be2 Bg7
9.h3 Nbd7 10.Nf3 O-O 11.O-O Qc7 12.Be3 Nh5 13.Re1 f5 14.Ng5 Ndf6 15.c5 e6
16.b4 h6 17.Nf3 Nd5 18.Nxd5 exd5 19.Ne5 Bxe5 20.dxe5 f4 21.Bd2 Ng7 22.Bd3 Qf7
23.f3 Bf5 24.Qc2 Ne6 25.Rad1 Rae8 26.Bc3 a6 27.Qf2 Bxd3 28.Rxd3 Qf5 29.Rdd1 Kh7
30.a4 Re7 31.Qa2 Rfe8 32.b5 axb5 33.axb5 Nc7 34.bxc6 bxc6 35.Bd4 Nb5 36.Bb2 Re6
37.Qb3 Qf8 38.Qc2 Qf7 39.Kh1 Qe7 40.Rd3 Qf7 41.Ra1  1/2-1/2

[Event "40th Olympiad Women"]
[Site "Istanbul TUR"]
[Date "2012.09.01"]
[Round "5.30"]
[White "Sop,S"]
[Black "Koskoska,G"]
[Result "0-1"]
[WhiteElo "1993"]
[BlackElo "2094"]

1.e4 d5 2.exd5 Qxd5 3.Nc3 Qd8 4.d4 Nf6 5.Bc4 a6 6.a4 Nc6 7.Nge2 g6 8.O-O Bg7
9.h3 O-O 10.Bg5 h6 11.Be3 e5 12.dxe5 Nxe5 13.Bb3 Qe7 14.Nf4 g5 15.Nfd5 Nxd5
16.Nxd5 Qd6 17.f4 gxf4 18.Rxf4 Ng6 19.Rf2 Be6 20.Qh5 Bxd5 21.Bxd5 c6 22.Bb3 Qe5
23.Qxe5 Nxe5 24.Raf1 b5 25.Bc5 Rfd8 26.Bxf7+ Nxf7 27.Rxf7 Rd5 28.Ba3 c5 29.c4 bxc4
30.R7f5 Bd4+ 31.Kh1 Rxf5 32.Rxf5 Rb8 33.Rd5 Rb3 34.Rd8+ Kf7 35.Rc8 Rxa3 36.bxa3 c3
37.Rc7+ Ke6 38.Rc8 c2 39.Re8+ Kd5 40.Re1 Be3 41.g4 c1=Q 42.Rxc1 Bxc1 43.Kg2 Ke4
44.h4 c4 45.Kf2 Kd3 46.Ke1 c3 47.Kd1 Bd2  0-1

[Event "40th Olympiad Open"]
[Site "Istanbul TUR"]
[Date "2012.09.01"]
[Round "5.17"]
[White "Al Modiahki,M"]
[Black "Kurajica,B"]
[Result "1/2-1/2"]
[WhiteElo "2542"]
[BlackElo "2551"]

1.e4 d5 2.exd5 Qxd5 3.Nc3 Qd6 4.d4 g6 5.Nb5 Qb6 6.Bf4 Na6 7.c4 Bh6 8.Bxh6 Nxh6
9.Qd2 Nf5 10.Nf3 c5 11.dxc5 Qxc5 12.a3 O-O 13.b4 Qb6 14.Be2 Nc7 15.Nc3 a5
16.c5 Qa7 17.Rb1 axb4 18.axb4 b6 19.b5 Ne6 20.c6 Rd8 21.Qc1 Ned4 22.O-O Be6
23.Ra1 Qb8 24.Rxa8 Qxa8 25.Rd1 Nxe2+ 26.Nxe2 Rxd1+ 27.Qxd1 Nd6 28.Ned4 Bc4
29.Ne5 Bxb5 30.h3 Qa4 31.Qd2 f6 32.Nd7 Bxc6 33.Nxb6 Qa1+ 34.Kh2 Be8 35.Nd5 Qa7
36.Ne6 Bf7 37.Nxf6+ exf6 38.Qxd6 Bxe6 39.Qxe6+ Kg7  1/2-1/2

[Event "40th Olympiad Open"]
[Site "Istanbul TUR"]
[Date "2012.09.01"]
[Round "5.60"]
[White "Aydincelebi,Kagan"]
[Black "Aristotelous,V"]
[Result "0-1"]
[WhiteElo "1659"]
[BlackElo "1938"]

1.e4 d5 2.exd5 Qxd5 3.Nc3 Qd6 4.Nf3 Nf6 5.Bc4 a6 6.a4 Bg4 7.h3 Bh5 8.d3 Nc6
9.g4 Bg6 10.Qe2 h6 11.Be3 e6 12.Nd2 Nd4 13.Bxd4 Qxd4 14.Nf3 Qb6 15.O-O-O Bd6
16.Rhf1 O-O-O 17.Ne5 Bxe5 18.Qxe5 Qd4 19.Qxd4 Rxd4 20.Ne2 Rd6 21.f4 Rhd8
22.Ng3 Nd5 23.Bxd5 Rxd5 24.Ne4 Bxe4 25.dxe4 Rd4 26.Rfe1 Rxa4 27.Rxd8+ Kxd8
28.Kd2 f5 29.exf5 exf5 30.gxf5 Rxf4 31.Rg1 Rxf5 32.Rxg7 Rg5 33.Rf7 Rg3 34.h4 Rg4
35.h5 Rg5 36.Rf8+ Kd7 37.Rf7+ Kd8 38.Rf8+ Ke7 39.Rb8 b6 40.Ra8 a5 41.Rc8 Kd7
42.Rf8 Rxh5 43.Kd3 Rh2 44.b3 h5 45.Rf7+ Kd6 46.Rf6+ Ke7 47.Rc6 Kd7 48.Rg6 h4
49.Rg7+ Kc6 50.Rg6+ Kb5 51.c3 h3 52.Rg5+ Kc6 53.Kc4 Rg2 54.Rh5 b5+ 55.Kd4 h2
56.Rh6+ Kd7 57.Kc5 c6 58.Rh7+ Ke6 59.Kxc6 a4 60.c4 bxc4  0-1

[Event "11th Kesarovski-Stanchev Mem"]
[Site "Sunny Beach BUL"]
[Date "2012.09.01"]
[Round "1.58"]
[White "Yordanov Daniel-Adrian"]
[Black "Nedev,Ta"]
[Result "0-1"]
[WhiteElo "1560"]
[BlackElo "2162"]

1.e4 d5 2.exd5 Qxd5 3.Nc3 Qd6 4.d4 Nf6 5.Nf3 a6 6.a4 Nc6 7.Be3 Bg4 8.Be2 e6
9.O-O O-O-O 10.Qd2 Bxf3 11.Bxf3 Nxd4 12.Bxd4 Qxd4 13.Qe2 Bd6 14.Rad1 Qe5
15.Qxe5 Bxe5 16.g3 Bxc3 17.bxc3 Rxd1 18.Rxd1 c6 19.Kf1 Rd8 20.Rxd8+ Kxd8
21.Ke2 Kc7 22.Kd3 a5 23.c4 Nd7 24.h4 Ne5+ 25.Ke3 Nxc4+ 26.Kd4 Nb2 27.Kc3 Nxa4+
28.Kb3 Nc5+ 29.Ka3 b5 30.Ka2 Kd6 31.Kb2 Na4+ 32.Kb3 Nb6 33.Kc3 c5 34.Kb3 c4+
35.Kb2 b4 36.Bd1 c3+ 37.Kb3 Kc5 38.f3 a4+ 39.Ka2 Kd4 40.Kb1 e5 41.Kc1 Ke3
42.g4 f6 43.h5 h6  0-1

[Event "11th Kesarovski-Stanchev Mem"]
[Site "Sunny Beach BUL"]
[Date "2012.09.01"]
[Round "1.19"]
[White "Yarmysty,M"]
[Black "Draganova,P"]
[Result "1-0"]
[WhiteElo "2363"]
[BlackElo "2009"]

1.e4 d5 2.exd5 Qxd5 3.Nc3 Qd6 4.d4 a6 5.Bd3 Nf6 6.Nge2 Nc6 7.Bf4 Qd8 8.Qd2 e6
9.O-O Nb4 10.Ne4 Nxd3 11.Qxd3 Be7 12.Nxf6+ Bxf6 13.Qg3 c6 14.Bd6 g6 15.Nc3 Be7
16.Bc7 Qd7 17.Na4 Bh4 18.Qe5 f6 19.Qd6 a5 20.Qxd7+ Bxd7 21.Nb6 Ra6 22.c4 f5
23.c5 Bd8 24.Bxd8 Kxd8 25.a4 Kc7 26.Rfe1 Rxb6 27.cxb6+ Kxb6 28.Re5 Ra8 29.f4 Kc7
30.Ra3 b6 31.Rh3 Rh8 32.Kf2 Kd6 33.Ke2 Bc8 34.Kd2 Ba6 35.Rb3 Rb8 36.Rxa5 Bc4
37.Rb4 Bd5 38.g3 h5 39.Ra6 h4 40.Rbxb6 hxg3 41.hxg3 Rh8 42.Ra7 Rh2+ 43.Ke3 Rg2
44.Rbb7 Rxg3+ 45.Kf2 Rg2+ 46.Kf1 c5 47.Rb6+  1-0

[Event "37th Trade Fair Open A"]
[Site "Brno CZE"]
[Date "2012.09.02"]
[Round "9"]
[White "Hemalova,Lydie"]
[Black "Turza,P"]
[Result "0-1"]
[WhiteElo "1573"]
[BlackElo "1796"]

1.e4 d5 2.exd5 Qxd5 3.Nc3 Qd6 4.Bc4 Nf6 5.d4 a6 6.Nf3 Nc6 7.h3 b5 8.Bb3 Bb7
9.Be3 Na5 10.Qe2 Nxb3 11.axb3 Rc8 12.Rd1 e6 13.O-O Be7 14.Rfe1 O-O 15.Bg5 c5
16.dxc5 Qxc5 17.Ne5 b4 18.Na4 Qxc2 19.Qxc2 Rxc2 20.Nd7 Re8 21.Nxf6+ Bxf6
22.Bxf6 gxf6 23.Rd4 a5 24.Red1 Bd5 25.R1d3 Bc6 26.Rd2 Rxd2 27.Rxd2 Bd5 28.Nc5 Rc8
29.Rc2 Bxb3  0-1

[Event "FSFMB Sept 2012"]
[Site "Budapest HUN"]
[Date "2012.09.02"]
[Round "2.1"]
[White "Szabo,Mik"]
[Black "Benyoussef,Salem"]
[Result "0-1"]
[WhiteElo "1340"]
[BlackElo "1661"]

1.e4 d5 2.exd5 Qxd5 3.Nc3 Qd8 4.d4 c6 5.h3 Nf6 6.Nf3 Bf5 7.Bd3 Bxd3 8.Qxd3 e6
9.Bf4 Nbd7 10.O-O Be7 11.Rfd1 Nd5 12.Nxd5 cxd5 13.Rac1 Qb6 14.Rb1 Nf6 15.Ne5 Rc8
16.c4 dxc4 17.Nxc4 Qd8 18.Ne3 Nd5 19.Qb5+ Qd7 20.Qxd7+ Kxd7 21.Nxd5 exd5
22.Rbc1 Bf6 23.Be5 Bxe5 24.dxe5 Ke6 25.f4 h5 26.Kf2 b6 27.b4 b5 28.Ke3 g5
29.g4 hxg4 30.hxg4 Rh3+ 31.Kd4 Rc4+ 32.Rxc4 bxc4 33.f5+ Ke7 34.Rc1 Rd3+ 35.Kc5 c3
36.a4 d4 37.Kd5 Rd2 38.Kc6 c2 39.f6+ Ke6 40.Kb7 d3 41.Rh1 Rd1 42.Rh8 c1=Q
43.Re8+ Kd7 44.Re7+ Kd8 45.Kb8 Qc4 46.Kb7 Qxb4+ 47.Kc6 Qxa4+ 48.Kd6 Qb4+
49.Kd5 Rc1 50.Rxf7 Qb3+ 51.Kd4 Qc4+ 52.Ke3 Qf4+ 53.Kxd3 Rd1+ 54.Kc2 Qd2+
55.Kb3 Rc1 56.Rf8+ Kd7 57.Rf7+ Ke8 58.Re7+ Kf8  0-1

[Event "XVI BCC Open"]
[Site "Cesenatico ITA"]
[Date "2012.09.02"]
[Round "2"]
[White "Lucchi,L"]
[Black "Brunner,W"]
[Result "1-0"]
[WhiteElo "2080"]
[BlackElo "2110"]

1.e4 d5 2.exd5 Qxd5 3.Nc3 Qd6 4.d4 Nf6 5.g3 Bg4 6.Nf3 Nc6 7.Bg2 O-O-O 8.O-O e5
9.h3 Bxf3 10.Qxf3 exd4 11.Bf4 Qc5 12.Ne4 Nxe4 13.Qxe4 Bd6 14.b4 Qc4 15.b5 Qxb5
16.Rfb1 Qa4 17.Qf5+ Rd7 18.Bxd6 cxd6 19.Rxb7 Rd8 20.Rab1 g6 21.Bxc6 gxf5
22.Rb8+ Kc7 23.Bxa4  1-0

[Event "XVI BCC Open"]
[Site "Cesenatico ITA"]
[Date "2012.09.03"]
[Round "3"]
[White "Zamengo,F"]
[Black "Engl,Stefan"]
[Result "1-0"]
[WhiteElo "2047"]
[BlackElo "1855"]

1.e4 d5 2.exd5 Qxd5 3.Nc3 Qd6 4.d4 Nf6 5.Nf3 a6 6.Bd3 Bg4 7.Ne4 Nxe4 8.Bxe4 Nc6
9.O-O e6 10.c3 O-O-O 11.Qd3 Bh5 12.b4 Bg6 13.Re1 Na7 14.Nd2 c6 15.Nc4 Qc7
16.a4 Be7 17.Qf3 Rd7 18.Bf4 Qd8 19.b5 cxb5 20.axb5 Nxb5 21.Bxg6 hxg6 22.Rxa6 Nc7
23.Nb6+ Kb8 24.Ra8+  1-0